Relatório e parecer prévio do TCE sobre as contas do chefe do Poder Executivo do Estado da Bahia : (Record no. 1535)
[ view plain ]
| 000 -LÍDER | |
|---|---|
| Campo Fixo de Controle | 01214nam a2200265 a 4500 |
| 001 - NÚMERO DE CONTROLE | |
| Campo de Controle | 1535 |
| 003 - IDENTIFICAÇÃO DO NÚMERO DE CONTROLE | |
| Campo de Controle | BR-CuiBMT |
| 005 - DATA E HORA DA ÚLTIMA ATUALIZAÇÃO | |
| Campo de Controle | 20231215203517.0 |
| 008 - DADOS FIXOS | |
| Dados Fixos | 231128s2020 baba 000 0 por d |
| 020 ## - INTERNATIONAL STANDARD BOOK NUMBER | |
| Nº do ISBN | 26756285 |
| 040 ## - AGÊNCIA CATALOGADORA | |
| Código da Agência Catalogadora | BR-CuiBMT |
| Agência que transcreveu o registro | BR-CuiBMT |
| 080 ## - Nº DA CLASSIFICAÇÃO DECIMAL UNIVERSAL | |
| Nº Class. CDU | 351.94:336.148 |
| Subd. Auxiliar Comum | (813.8) |
| Nº edição CDU | 2007 |
| 090 ## - NÚMERO DE CHAMADA | |
| Nº classificação | 351.94:336.148(813.8) |
| Cutter | T822r |
| 110 1# - ENTRADA PRINCIPAL -- ENTIDADE | |
| Nome da entidade ou lugar | Bahia. |
| Unidade subordinada | Tribunal de Contas. |
| 245 10 - TÍTULO PRINCIPAL | |
| Título principal | Relatório e parecer prévio do TCE sobre as contas do chefe do Poder Executivo do Estado da Bahia : |
| Subtítulo | exercício de 2019 / |
| Indicação de responsabilidade | Tribunal de Contas do Estado da Bahia ; Inaldo Araújo (conselheiro relator). |
| 260 ## - PUBLICAÇÃO, DISTRIBUIÇÃO, ETC. | |
| Local de publicação | Salvador : |
| Editora | TCE-BA, |
| Data | 2020. |
| 300 ## - DESCRIÇÃO FÍSICA | |
| N. páginas ou volumes | 7 v. : |
| Ilustrações | il. color. ; |
| Dimensões | 30 cm |
| 500 ## - NOTAS GERAIS | |
| Notas gerais | Processo nº TCE/004140/2020. |
| 505 0# - NOTA DE CONTEÚDO | |
| Nota de conteúdo | v. 1. Apresentação -- v. 2. Seção Analítica -- v. 3. Parecer do Ministério Público de Contas do Estado da Bahia -- v. 4. Seção conclusiva -- v. 5. Votos em separado e ata da sessão de apreciação das contas -- v. 6. Parecer prévio -- v. 7. Referências. |
| 610 14 - ASSUNTO -- ENTIDADE | |
| Nome da Entidade ou lugar | Bahia. |
| Unidade subordinada | Tribunal de Contas. |
| 650 ## - ASSUNTO TÓPICO | |
| Cabeçalho tópico ou nome geográfico | Controle externo |
| Subdivisão de forma | Orçamento |
| 650 ## - ASSUNTO TÓPICO | |
| Cabeçalho tópico ou nome geográfico | Prestação de contas |
| 700 1# - ENTRADA SECUNDÁRIA -- NOME PESSOAL | |
| Nome pessoal | Araújo, Inaldo da Paixão Santos, |
| Datas associadas ao nome | 1964- |
| 942 ## - ELEMENTOS DE ENTRADA ADICIONAIS (KOHA) | |
| Fonte de classificação ou esquema de arquivamento | Classificação Decimal Universal |
| Tipo de item do Koha | Livros |
| Estado: removido | Estado: perdido | Fonte de classificação ou esquema de arquivamento | Estado: danificado | Indisponível para empréstimo | Localização permanente | Localização atual | Data de aquisição | Numeração serial ou cronológica (Volume) | Total Checkouts | Número de Chamada completo | Código de barras | Date last seen | Número do exemplar | Preço efetivo a partir de | Tipo de item (Koha) |
|---|---|---|---|---|---|---|---|---|---|---|---|---|---|---|---|
| Classificação Decimal Universal | Biblioteca da Escola Superior de Contas do TCE/MT | Biblioteca da Escola Superior de Contas do TCE/MT | 14/12/2023 | v. 1 | 351.94:336.148(813.8) T822r | BIBTCEMT23120483 | 14/12/2023 | Ex. 1 | 14/12/2023 | Livros | |||||
| Classificação Decimal Universal | Biblioteca da Escola Superior de Contas do TCE/MT | Biblioteca da Escola Superior de Contas do TCE/MT | 14/12/2023 | v. 2 | 351.94:336.148(813.8) T822r | BIBTCEMT23120484 | 14/12/2023 | Ex. 1 | 14/12/2023 | Livros | |||||
| Classificação Decimal Universal | Biblioteca da Escola Superior de Contas do TCE/MT | Biblioteca da Escola Superior de Contas do TCE/MT | 14/12/2023 | v. 3 | 351.94:336.148(813.8) T822r | BIBTCEMT23120485 | 14/12/2023 | Ex. 1 | 14/12/2023 | Livros | |||||
| Classificação Decimal Universal | Biblioteca da Escola Superior de Contas do TCE/MT | Biblioteca da Escola Superior de Contas do TCE/MT | 14/12/2023 | v. 4 | 351.94:336.148(813.8) T822r | BIBTCEMT23120486 | 14/12/2023 | Ex. 1 | 14/12/2023 | Livros | |||||
| Classificação Decimal Universal | Biblioteca da Escola Superior de Contas do TCE/MT | Biblioteca da Escola Superior de Contas do TCE/MT | 14/12/2023 | v. 5 | 351.94:336.148(813.8) T822r | BIBTCEMT23120487 | 14/12/2023 | Ex. 1 | 14/12/2023 | Livros | |||||
| Classificação Decimal Universal | Biblioteca da Escola Superior de Contas do TCE/MT | Biblioteca da Escola Superior de Contas do TCE/MT | 14/12/2023 | v. 6 | 351.94:336.148(813.8) T822r | BIBTCEMT23120488 | 14/12/2023 | Ex. 1 | 14/12/2023 | Livros | |||||
| Classificação Decimal Universal | Biblioteca da Escola Superior de Contas do TCE/MT | Biblioteca da Escola Superior de Contas do TCE/MT | 14/12/2023 | v. 7 | 351.94:336.148(813.8) T822r | BIBTCEMT23120489 | 14/12/2023 | Ex. 1 | 14/12/2023 | Livros |